Statistics for Five Driest Countries by Continent

Click here to take the quiz!

General Stats

  • This quiz has been taken 1,350 times
  • The average score is 22 of 30

Answer Stats

ContinentPrecipitationCountry% Correct
Oceania53.4 cmAustralia
90%
North America71.5 cmUnited States
90%
North America75.8 cmMexico
89%
Africa5.1 cmEgypt
88%
Africa5.6 cmLibya
88%
South America152.2 cmChile
88%
Africa8.9 cmAlgeria
87%
North America53.7 cmCanada
86%
Asia5.9 cmSaudi Arabia
86%
South America59.1 cmArgentina
85%
Oceania173.2 cmNew Zealand
83%
South America114.6 cmBolivia
82%
South America113.0 cmParaguay
81%
South America130.0 cmUruguay
80%
Asia7.8 cmUnited Arab Emirates
76%
Asia7.4 cmQatar
76%
Europe46.0 cmRussia
71%
Oceania259.2 cmFiji
70%
Africa15.1 cmNiger
70%
North America133.5 cmCuba
69%
Asia8.3 cmBahrain
68%
Asia11.1 cmJordan
67%
Africa9.2 cmMauritania
66%
Europe56.5 cmUkraine
66%
Oceania314.2 cmPapua New Guinea
61%
Oceania302.8 cmSolomon Islands
57%
Europe56.0 cmMalta
47%
Europe45.0 cmMoldova
46%
North America129.2 cmBahamas
46%
Europe53.6 cmFinland
42%

Score Distribution

Percentile by Number Answered

Percent of People with Each Score

Your Score History

You have not taken this quiz